| 000 | 01300nam a22003371i 4500 | ||
|---|---|---|---|
| 999 |
_c171399 _d171399 |
||
| 003 | OSt | ||
| 005 | 20190304122214.0 | ||
| 008 | 190304s2013 xxk||||g ||||||0| ||eng d | ||
| 020 |
_a9781447260769 _cRM 32.90 _qhardback |
||
| 040 |
_aPPAK _beng _cPPAK _dPPAK _erda |
||
| 082 | 0 | 4 |
_223 _a823.914 |
| 090 |
_a823.914 _bFIE _dG |
||
| 100 | 1 |
_aFielding, Helen, _d1958- _eauthor. |
|
| 245 | 1 | 4 |
_aTHE BRIDGET JONES OMNIBUS : _bTHE SINGLETON YEARS / _cHELEN FIELDING |
| 250 | _aOmnibus edition | ||
| 264 | 1 |
_aLondon : _bPicador, _c2013. |
|
| 300 |
_a422 pages ; _c20 cm |
||
| 336 |
_2rdacontent _atext |
||
| 337 |
_2rdamedia _aunmediated |
||
| 338 |
_2rdacarrier _avolume |
||
| 500 | _aThis omnibus edition first published 2013 by Picador. | ||
| 500 | _aThis edition first published 2013 by Picador. | ||
| 505 | 0 | _aBridget Jones's Diary. Originally published: London : Picador, 1996. -- Bridget Jones : the edge of reason. Originally published: London : Picador, 1999. | |
| 650 | 0 |
_aJones, Bridget (Fictitious character) _vFiction |
|
| 650 | 0 |
_aSingle women _vFiction |
|
| 650 | 0 |
_vFiction _zLondon (England) |
|
| 650 | 0 | _aChick lit | |
| 700 | 1 | 2 |
_aFielding, Helen, _d1958- _eBridget Jones's diary. |
| 700 | 1 | 2 |
_aFielding, Helen, _d1958- _eBridget Jones: the edge of reason. |
| 942 |
_2ddc _cB |
||